000 00792nas a2200253 4500
001 BR0800048
003 BR-BrBNA
005 20231205111426.0
007 ta
008 230509b bl.|||p| |||| 00| 00por d
040 _aBR-BrBNA
_bpor
_cBiblioteca Nacional de Agricultura
041 _a(Pt)
072 _aL73
100 1 _aMendonça, C.S.
100 1 _aWaldemarin, K.C.A.
100 1 _aCoelho, H.E.
100 1 _aLacerda, M.S.
245 1 _aCriptococose na cavidade oral de um gato doméstico - relato de caso
650 _aGATO
650 _aCRIPTOCOCOSE CUTÂNEA
773 0 _tArquivos de Ciências Veterinárias e Zoologia da UNIPAR (Brazil)
_xISSN 1415-8167
_g(Jul-Dec 2002), v. 5(2) p. 257-263
_wBR0800048
909 _a202311
_bLúcia
_c55
_dLúcia Elande
942 _2AGRIS
_n0
_cANA
999 _c192655
_d192655